000 00489nam a2200181Ia 4500
003 GCL
008 140319s9999 xx 000 0 eng d
040 _aGCL /
_cGCL
082 0 4 _a796.01
_bM S
100 1 _aMORRIS, TONY
245 1 0 _aSPORT PSYCHOLOGY: THEROY APPLICATIONS AND ISSUIS /
_cMORRIS, TONY
700 1 _aSUMMERS, JEFF
260 _a[S.N] :
_bJOHN WILEY AND SONS. INC ،
_c1995
300 _a635 P
650 0 4 _aSPORTS
650 0 4 _aPSYCHOLOGICAL ASPECTS
942 _2ddc
_cBK
999 _c23906
_d23906